| 000 | 00444nam a2200181Ia 4500 | ||
|---|---|---|---|
| 005 | 20250423094850.0 | ||
| 008 | 250422s9999 xx 000 0 und d | ||
| 020 | _a9782105724 | ||
| 050 | _aJZ 5534 .L84/ | ||
| 100 | _aLugga, S. A. | ||
| 245 | 0 | _aConflict and security management | |
| 260 | _aKatsina | ||
| 260 | _bLugga Press | ||
| 260 | _c2007 | ||
| 300 | _a149 p | ||
| 650 | _aSecurity management Conflict management | ||
| 942 | _cBK | ||
| 999 |
_c28531 _d28531 |
||